000
00324nam a22001337a 4500
008
250429b |||||||| |||| 00| 0 eng d
020
_a
10:041534948
050
_a
JL 19
_b
.F55
100
_a
Flint Colin
245
_a
Introduction to Geo-politic
260
_a
USA and Canada
_b
Routledge
_c
2006
300
_a
237p.
942
_c
BK
999
_c
3245
_d
3245